Normal view
MARC view
Entry Uniform Title
001 - CONTROL NUMBER
- control field: 1565
003 - CONTROL NUMBER IDENTIFIER
- control field: BD-RjUL
005 - DATE AND TIME OF LATEST TRANSACTION
- control field: 20220223102254.0
008 - FIXED-LENGTH DATA ELEMENTS
- fixed length control field: 220223|| aca||aabn | a|a d
040 ## - CATALOGING SOURCE
- Original cataloging agency: BD-RjUL
- Transcribing agency: BD-RjUL
130 ## - HEADING--UNIFORM TITLE
- Uniform title: Ankara Universitesi Ilahiyat Fakultesi yayinlari
670 ## - SOURCE DATA FOUND
- Source citation: Work cat.: (BD-RjUL)79449: ابن خلدون، ;; Ibn Khaldun 1332-1406 1564, شفاء السائل لتهذيب المسائل / ;; shifa' alsaayil litahdhib almasayil /, 1957.